Dav umenie, kritika, politika, filozofia, literatúra

Bibliographic Details
Format: Journal
Language:Slovak
PhysicalDescription:9 zv. 27-31 cm
Published: Praha Ľudo Obtulovič 1924-1937
Bratislava Zd. Merc
Bratislava V. Stolcz
Bratislava Ivan Sekanina
Sereď František Kubač
Praha Ladislav Novomeský
ISSN:0418-4327
Subjects:

MARC

LEADER 00000cas a2200000 a 4500
001 vtls008882845
003 SK-MaSNL
005 20260429044015.0
008 200401d19241937xo mr|p r 0 0 b0slo
022 |a 0418-4327 
035 |a (SVKBB03)vtls000118398 
040 |a SVKBB  |b slo  |c SVKBB  |d SNK  |e AACR2 
041 0 |a slo 
044 |a xr  |c CZ  |a xo  |c SK 
072 7 |a 82  |x Literatúra. Literárny život  |2 konspekt 
072 7 |a 316  |x Sociológia  |2 konspekt 
072 7 |a 32  |x Politika  |2 konspekt 
080 |a 82  |2 2011 
080 |a 316  |2 2011 
080 |a 32  |2 2011 
080 |a 050  |2 2011 
080 |a 314/316(051)  |2 2011 
210 0 |a DAV  |b (Praha) 
222 0 |a DAV  |b (Praha) 
245 0 0 |a Dav  |b umenie, kritika, politika, filozofia, literatúra 
260 |a Praha  |b Ľudo Obtulovič  |c 1924-1937 
260 2 |3 1/1926  |a Bratislava  |b Zd. Merc 
260 2 |3 2-3/1926  |a Bratislava  |b V. Stolcz 
260 2 |3 1/1929-1932  |a Bratislava  |b Ivan Sekanina 
260 2 |3 1/1933-5/1935  |a Sereď  |b František Kubač 
260 3 |3 6/1935-4/1937  |a Praha  |b Ladislav Novomeský 
300 |a 9 zv.  |c 27-31 cm 
310 |a 4x ročne  |b 1937 
321 |a 12x ročne  |b 1931-1933 
321 |a 8x ročne  |b 1929, 1934 
321 |a 1x mesačne  |b 1926 
321 |a 2x ročne  |b 1924-1925 
321 |a 10x ročne  |b 1935-1936 
362 0 |a Zima (1924)-roč. IX, č. 4 (1937) 
500 |a Podnázov v tiráži sa mení 
500 |a Tlač.: zima/1924-jar/1925, Kníhtlačiareň Ad. Novotného, Praha ; od 1/1926-2-3/1926, Slovenská Grafia úč. spol., Bratislava ; od 1/1929-7/1929, Jaroslav Hoffmann, Praha ; od 8/1929 Tlačou Všetečky a spol., Praha; od 1/1931, Jaroslav Hoffmann, Praha; od 2/1932, Vlad. Chlanda, Břeclav; od 1/1933, Pallas, Prešov 
500 |a Redaktori sa menia 
500 |a Od č. 1/1929 rozmer zv. 31 cm 
500 |a Od roč. II. č. 1/1926 bez podnázvu 
515 |a Niektoré čísla vychádzajú ako dvojčíslo ; č. 12/1931 vyšlo v januári 1932 ; niektoré roky majú priebežné stránkovanie 
515 |a V roč. II. (1926) bol časopis na určitú dobu pozastavený z finančných dôvodov 
650 0 7 |a literatúra  |2 SNKPH  |9 1427 
650 0 7 |a umenie  |2 SNKPH  |9 1060 
650 0 7 |a sociológia  |2 SNKPH  |9 1010 
650 0 7 |a politika  |2 SNKPH  |9 968 
655 7 |a spoločenské časopisy  |2 SNKPH  |9 70515 
910 |a snk 
916 |a 1924, 1929,1931-1935 
999 |c 5283  |d 7213 
952 |t č. 1-12  |a SNK  |b SNK  |y PREZ  |7 0  |p 17A0245470  |o snkČSB 183/6/1933  |i snkXI. 3814/55  |8 5  |f 1  |0 0  |1 0  |4 0  |d 2000-07-19  |l 0  |r 2005-01-02 00:00:00  |w 2026-02-21 
952 |t č. zima-jar  |a SNK  |b SNK  |y PREZ  |7 0  |p 17A0143594  |o snkČSB 183/1924-1925  |i snkD 484/63  |8 1  |f 1  |0 0  |1 0  |4 0  |d 2003-12-29  |l 0  |r 2005-01-02 00:00:00  |w 2026-02-21 
952 |t č. 1-8  |a SNK  |b SNK  |y PREZ  |7 0  |p 17A0483342  |o snkČSB 183/3/1929 D1  |i snkD 436/63  |8 1  |z Č. 6 nie je označené  |0 0  |1 0  |4 0  |d 2000-06-02  |l 0  |r 2005-01-02 00:00:00  |w 2026-02-21 
952 |t č. 1-12  |a SNK  |b SNK  |y PREZ  |7 0  |p 17A0677844  |o snkČSB 183/4/1931-1932 D1  |i snkD 484/63  |8 1  |z Č. 12/1932 vyšlo v januári 1932  |f 1  |0 0  |1 0  |4 0  |d 2010-11-24  |l 0  |r 2026-02-21 19:56:03  |w 2026-02-21 
952 |t č. 1-12  |a SNK  |b SNK  |y PREZ  |7 0  |p 17A0677863  |o snkČSB 183/5/1932 D1  |i snkD 488/63  |8 3  |f 1  |0 0  |1 0  |4 0  |d 2010-11-24  |l 0  |r 2026-02-21 19:56:03  |w 2026-02-21 
952 |t č. 1-10, neúplné  |a SNK  |b SNK  |y PREZ  |7 0  |p 17A0098979  |o snkČSB 183/8/1935-1936  |i snkD 491/63  |8 1  |z Chýba č. 10 ; Č. 7-10 vyšli v r. 1936  |0 0  |1 0  |4 0  |d 1997-09-30  |l 0  |r 2005-01-02 00:00:00  |w 2026-02-21 
952 |t č. 1-8  |a SNK  |b SNK  |y PREZ  |7 0  |p 17A0098732  |o snkČSB 183/7/1934 D1  |i snkD 490/63  |8 1  |0 0  |1 0  |4 0  |d 1997-09-30  |l 0  |r 2005-01-02 00:00:00  |w 2026-02-21 
952 |t č. 1-8  |a SNK  |b SNK  |y PREZ  |7 0  |p 17A0098589  |o snkČSB 183/7/1934  |i snkK 4457/76  |8 3  |0 0  |1 0  |4 0  |d 1997-10-01  |l 0  |r 2005-01-02 00:00:00  |w 2026-02-21 
952 |t č. 1-8, neúplné  |a SNK  |b SNK  |y PREZ  |7 0  |p 17A0238308  |o snkČSB 183/7/1934 D2  |i snkČSK 189/56  |8 3  |z Chýba č. 1, 3  |f 1  |0 0  |1 0  |4 0  |d 2000-05-05  |l 0  |r 2005-01-02 00:00:00  |w 2026-02-21 
952 |t č. 1-10, neúplné  |a SNK  |b SNK  |y PREZ  |7 0  |p 17A0099253  |o snkČSB 183/8/1935-1936 D3  |i snkK 4458/76  |8 3  |z Chýba č. 2,3,7-10 ; Č. 7-10 vyšli v r. 1936  |0 0  |1 0  |4 0  |d 1997-10-01  |l 0  |r 2005-01-02 00:00:00  |w 2026-02-21 
952 |t č. 1-10, neúplné  |a SNK  |b SNK  |y PREZ  |7 0  |p 17A0097546  |o snkČSB 183/8/1935-1936 D2  |i snkF 1893/70  |8 5  |z Chýba č. 1-3,6,7,9,10 ; Č. 7-10 vyšli v r. 1936  |0 0  |1 0  |4 0  |d 1997-10-01  |l 0  |r 2005-01-02 00:00:00  |w 2026-02-21 
952 |t č. 1-12  |a SNK  |b SNK  |y PREZ  |7 0  |p 17A0101937  |o snkČSB 183/5/1932  |i snkČSK 265/58  |8 3  |0 0  |1 0  |4 0  |d 1997-10-06  |l 0  |r 2005-01-02 00:00:00  |w 2026-02-21 
952 |t č. 1-4  |a SNK  |b SNK  |y PREZ  |7 0  |p 17A0542915  |o snkČSB 183/1937 D1  |z Ročník neuvádzajú  |0 0  |1 0  |4 0  |d 2007-04-04  |l 0  |r 2026-02-21 20:38:31  |w 2026-02-21 
952 |t č. 1-4  |a SNK  |b SNK  |y PREZ  |7 0  |p 17A0070648  |o snkČSB 183/1937  |i snkD 492/63  |8 1  |z Ročník neuvádzajú  |0 0  |1 0  |4 0  |d 1998-06-06  |l 0  |r 2005-01-02 00:00:00  |w 2026-02-21 
952 |t č. 1-12  |a SNK  |b SNK  |y PREZ  |7 0  |p 17A0070621  |o snkČSB 183/4/1931-1932  |i snkČSK 264/58  |8 3  |z Č. 12/1932 vyšlo v januári 1932  |0 0  |1 0  |4 0  |d 1998-06-06  |l 0  |r 2005-01-02 00:00:00  |w 2026-02-21 
952 |t č. 1-12  |a SNK  |b SNK  |y PREZ  |7 0  |p 17A0070622  |o snkČSB 183/6/1933 D1  |i snkD 489/63  |8 1  |0 0  |1 0  |4 0  |d 1998-06-06  |l 0  |r 2005-01-02 00:00:00  |w 2026-02-21 
952 |t č. 1-3  |a SNK  |b SNK  |y PREZ  |7 0  |p 17A0143659  |o snkČSB 183/2/1926  |i snkD 485/63  |8 1  |0 0  |1 0  |4 0  |d 1998-06-12  |l 0  |r 2005-01-02 00:00:00  |w 2026-02-21 
952 |t č. zima-jar, neúplné  |a SNK  |b SNK  |y PREZ  |7 0  |p 17A0407061  |o snkČSB 183/1924-1925 D1  |i snkK 867/79  |8 3  |z Chýba jar 1925  |0 0  |1 0  |4 0  |d 1998-06-12  |l 0  |r 2005-01-02 00:00:00  |w 2026-02-21 
952 |t č. 1-8  |a SNK  |b SNK  |y PREZ  |7 0  |p 17A0241664  |o snkČSB 183/3/1929  |i snkXII 3815/55  |8 5  |z Č. 6 nie je označené  |f 1  |3 rekatalogizácia  |0 0  |1 0  |4 0  |d 2005-08-30  |l 0  |r 2026-02-21 21:40:11  |w 2026-02-21 
952 |t č. 1-12, neúplné  |a SNK  |b SNK  |y PREZ  |7 0  |p 17A1431269  |o snkČSB 183/6/1933 D2  |i snkČSK 266/58  |8 3  |z Chýba č. 6 ;   |0 0  |1 0  |4 0  |d 2020-08-17  |l 0  |r 2026-02-21 22:08:49  |w 2026-02-21 
952 |t č. 1-8, neúplné  |a SNK  |b SNK  |y PREZ  |7 0  |p 17A1431268  |o snkČSB 183/7/1934 D3  |i snkF 1892/70  |8 5  |z Chýba č. 2-5, 7  |0 0  |1 0  |4 0  |d 2020-08-17  |l 0  |r 2026-02-21 22:08:49  |w 2026-02-21 
952 |t č. 1-10, neúplné  |a SNK  |b SNK  |y PREZ  |7 0  |p 17A1431267  |o snkČSB 183/8/1935-1936 D1  |z Chýba č. 1,8-10 ; Č. 2 je doložené ; Č. 7-10 vyšli v r. 1936  |0 0  |1 0  |4 0  |d 2020-08-17  |l 0  |r 2026-02-21 22:08:51  |w 2026-02-21 
952 |t č. 1-4  |a SNK  |b SNK  |y PREZ  |7 0  |p 17A1431266  |o snkČSB 183/1937 D2  |i snkK 4455/76  |8 3  |z Č. 2 je doložené ; Ročník neuvádzajú  |0 0  |1 0  |4 0  |d 2020-08-18  |l 0  |r 2026-02-21 22:08:54  |w 2026-02-21 
952 |t č. 1-8, neúplné  |a SNK  |b SNK  |y PREZ  |7 0  |p 17A1430870  |o snkČSB 183/3/1929 D2  |i snkK 4453/76  |8 3  |z Chýba č. 1,2, 4,5 ; č. 6 nie je označené  |0 0  |1 0  |4 0  |d 2020-08-17  |l 0  |r 2026-02-21 22:09:00  |w 2026-02-21 
952 |t č. 1-12  |a SNK  |b SNK  |y PREZ  |7 0  |p 17A1149808  |o snkČSB 183/5/1932 D2  |i snkK 862/78  |8 3  |0 0  |1 0  |4 0  |d 2016-03-09  |l 0  |r 2026-02-21 22:09:06  |w 2026-02-21 
952 |t č. 1-12, neúplné  |a SNK  |b SNK  |y PREZ  |7 0  |p 17A1149758  |o snkČSB 183/4/1931-1932 D2  |i snkK 4454/76  |8 3  |z Chýba č. 8 ; č. 12 vyšlo v roku 1932  |0 0  |1 0  |4 0  |d 2016-03-09  |l 0  |r 2026-02-21 22:09:06  |w 2026-02-21